书目信息 |
| 题名: |
平印照相制版原理
|
|
| 作者: | 孟昭恒 编 | |
| 分册: | ||
| 出版信息: | 北京 北京出版社 1981.11 |
|
| 页数: | 404 | |
| 开本: | 32 | |
| 丛书名: | ||
| 单 册: | ||
| 中图分类: | TS823 | |
| 科图分类: | ||
| 主题词: | ||
| 电子资源: | ||
| ISBN: | ||
| 000 | 00468nam0 2200169 45 | |
| 001 | 0181011413 | |
| 005 | 20060722102138.34 | |
| 010 | @dCNY1.05 | |
| 100 | @a20810111d km y0chiy0120 ea | |
| 101 | 0 | @achi |
| 200 | 1 | @Aping yinzhao xiang zhi ban yuan li@Fmeng zhao heng@a平印照相制版原理@f孟昭恒等编 |
| 210 | @a北京@c北京出版社@d1981.11 | |
| 215 | @a404@c无图表@d32 | |
| 690 | @aTS823 | |
| 701 | 0 | @a孟昭恒@4编 |
| 801 | @aCN@bTSTC@c20060722 | |
| 905 | @dTS823@e14@f1@b159454 | |
| 平印照相制版原理/孟昭恒等编.-北京:北京出版社,1981.11 |
| 404:无图表;32 |
| ISBN :CNY1.05 |
| ● |
| 相关链接 |
|
|
|
|
正题名:平印照相制版原理
索取号:TS823/14
 
预约/预借
| 序号 | 登录号 | 条形码 | 馆藏地/架位号 | 状态 | 备注 |
| 1 | 0159454 | 001479554 | 第二样本阅览室/ [索取号:TS823/14] | 在馆 | |
| 2 | 0438061 | 204380614 | 密集书库/ [索取号:TS823/14] | 在馆 |